| 000 | 00672nam a2200229 4500 | ||
|---|---|---|---|
| 003 | OSt | ||
| 005 | 20240620065824.0 | ||
| 006 | a | ||
| 008 | 240620b |||||||| |||| 00| 0 eng d | ||
| 020 | _a9781118059845 | ||
| 040 |
_aDWCL-HMN lib. _cOC |
||
| 082 | _aCirc. 641.86 B792p 2012 | ||
| 100 | _aBoyle, Tish | ||
| 245 | _aPlating for gold : a decade of desserts from the world and national pastry team championships / | ||
| 260 |
_aNew Jersey : _bJohn Wiley & Sons, _cc2012. |
||
| 300 |
_b327 p. : col. ill. ; _c28 cm. |
||
| 504 | _aIncludes index. | ||
| 650 | _a1. Desserts. | ||
| 650 | _a2. Pastry. | ||
| 650 | _a3. Cookbooks. | ||
| 942 |
_2ddc _n0 _cBK-CIRC _kCirc. |
||
| 999 |
_c996 _d996 |
||